书目信息 |
| 题名: |
知识经济与企业创新教程
|
|
| 作者: | 王淑芬 编著 | |
| 分册: | ||
| 出版信息: | 北京 中国劳动社会保障出版社 2006.08 |
|
| 页数: | 205页 | |
| 开本: | 24cm | |
| 丛书名: | 中国劳动关系学院精品系列教材 | |
| 单 册: | ||
| 中图分类: | F062.3 , F270 | |
| 科图分类: | ||
| 主题词: | 知识经济--zhi shi jing ji--高等学校--教材 , 企业管理--qi ye guan li--高等学校--教材 | |
| 电子资源: | ||
| ISBN: | 7-5045-4961-4 | |
| 000 | 01130nam 2200277 450 | |
| 001 | 012007660172 | |
| 005 | 20070622163540.75 | |
| 010 | @a7-5045-4961-4@dCNY20.00 | |
| 100 | @a20070417d2006 km y0chiy0120 ea | |
| 101 | 0 | @achi |
| 102 | @aCN@b110000 | |
| 105 | @ak a 000yy | |
| 200 | 1 | @a知识经济与企业创新教程@Azhi shi jing ji yu qi ye chuang xin jiao cheng@f王淑芬编著@Fwang shu fen bian zhu |
| 210 | @a北京@c中国劳动社会保障出版社@d2006.08 | |
| 215 | @a205页@d24cm | |
| 225 | 2 | @a中国劳动关系学院精品系列教材@Azhong guo lao dong guan xi xue yuan jing pin xi lie jiao cai |
| 320 | @a有书目。 | |
| 330 | @a本书介绍了知识经济的概念、特征、影响及应对知识经济挑战的战略选择;论述了知识经济趋势下企业创新创的概念及创新的三种形态,即技术创新、制度创新、管理创新;并结合企业创新实践介绍了群众性经济技术创新工作的理论与实证。 | |
| 410 | 0 | @12001 @a中国劳动关系学院精品系列教材 |
| 606 | 0 | @a知识经济@Azhi shi jing ji@x高等学校@j教材 |
| 606 | 0 | @a企业管理@Aqi ye guan li@x高等学校@j教材 |
| 690 | @aF062.3@v4 | |
| 690 | @aF270@v4 | |
| 701 | 0 | @a王淑芬@Awang shu fen@4编著 |
| 801 | 0 | @aCN@c20070622 |
| 905 | @dF062.3@eW351 | |
| 知识经济与企业创新教程/王淑芬编著.-北京:中国劳动社会保障出版社,2006.08 |
| 205页;24cm.-(中国劳动关系学院精品系列教材) |
| ISBN 7-5045-4961-4:CNY20.00 |
| 本书介绍了知识经济的概念、特征、影响及应对知识经济挑战的战略选择;论述了知识经济趋势下企业创新创的概念及创新的三种形态,即技术创新、制度创新、管理创新;并结合企业创新实践介绍了群众性经济技术创新工作的理论与实证。 |
| ● |
| 相关链接 |
|
|
|
正题名:知识经济与企业创新教程
索取号:F062.3/W351
 
预约/预借
| 序号 | 登录号 | 条形码 | 馆藏地/架位号 | 状态 | 备注 |
| 1 | 241637 | 202416377 | 社科二线422/409社科库 64排4列4层/ [索取号:F062.3/W351] | 在馆 | |
| 2 | 241638 | 202416386 | 社科库409/409社科库 64排4列4层/ [索取号:F062.3/W351] | 在馆 | |
| 3 | 241639 | 202416395 | 社科库409/409社科库 64排4列4层/ [索取号:F062.3/W351] | 在馆 |